Authigenic feldspars in carbonate rocks of the Western Carpathians

Podrobná bibliografia
Hlavný autor: Mišík, Milan (Author)
Médium: Článok
Jazyk:English
Témy:
Zdroj: 1. Geologica Carpathica 1. 0016-7738 1. Roč. 45, č. 2(1994), dát. april, s. 103-111
LEADER 00942nab#a2200325#ar4500
001 000000446
003 SVKKK
005 00000000000000.0
008 c xo e engo
FMT
038 |a SVKKK 
040 |a SVKKK  |b slo  |e AACR2 
041 0 |a eng 
044 |a xo  |c SK 
080 |a 553.613(234.372.3  |2 1981 
100 1 |a Mišík, Milan  |4 aut 
242 1 0 |a Autigenické živce v karbonátových skalách Západných Karpát 
245 1 0 |a Authigenic feldspars in carbonate rocks of the Western Carpathians  |c Mišík Milan, 
300 |b Fotogr. 20, tab. 1, lit. 29 zázn. v angl., nem. 
650 0 4 |a skaly karbonátové  |x diagenéza  |x štúdie 
650 0 4 |a živce antigenické 
773 0 |t Geologica Carpathica  |x 0016-7738  |g Roč. 45, č. 2(1994), dát. april, s. 103-111 
958 |a MS 
958 |a NB 
958 |a NP 
974 |d 941214  |a 244 
992 |a RBX 
BAS
852 |a SVKKK  |b BIB 
998 |a GEO